| 000 | 00406nam a22001457a 4500 | ||
|---|---|---|---|
| 020 | _a978-1-292-26602-2 | ||
| 082 | _a658.022 | ||
| 100 | _aScarborough, Norman M. | ||
| 245 | _aEsentials of Entrepreneurship and Small Business Management | ||
| 250 | _a9th | ||
| 260 |
_aHarlow: _bPearson Education, _c2019 |
||
| 300 | _a 827p.: ill.; 28cm | ||
| 700 | _aCornwall, Jeffrey R. | ||
| 942 | _cBK | ||
| 999 |
_c22144 _d22144 |
||